| 000 | 00900nam a22002297a 4500 | ||
|---|---|---|---|
| 003 | CHAP | ||
| 005 | 20220329135914.0 | ||
| 008 | 971013s r 00010 d | ||
| 010 | _a43938 | ||
| 011 | _a44910 | ||
| 035 | _a49049 | ||
| 040 | _cCHAP | ||
| 082 |
_a525.35 _bT3 |
||
| 245 | _aTabla astronómica del orto y ocaso del sol calculada al paralelo de veinte grados en que se halla situada la M.N. y M.L. ciudad de San Bernardo de Mérida, provincia y obizpado de Yucatán. Fha. en 1 de enero de 1817a años. Manuscrito | ||
| 500 | _aAdjunto al original : reproducción que mandó hacer el Dr. Juan Miró en el 1er. centenario de esta tabla | ||
| 590 |
_aBATCH-UPD _b10 _c20130110 _lUCH01 _h2230 |
||
| 590 |
_aCONVERSION _b10 _c20130109 _lUCH01 _h1324 |
||
| 650 | 1 | 4 |
_aSol _xOrto y ocaso. _9108322 |
| 901 | _aBK | ||
| 942 | _cLIBRO | ||
| 949 |
_a525.35 T3 _bBC _cBPP _d-110767 _eBPP _h7555 _i49049 _si |
||
| 999 |
_c43938 _d43938 |
||